000 00547nam a2200205 a 4500
001 BRCA_6104
005 20190320205333.0
008 220611s1920----fr-#######---#000-1#fre-#
041 _afre
044 _afr
050 4 _aPQ2246
_b.M23
_c1920
245 1 0 _aMadame Bovary
_bmoeurs de province
_cpar Gustave Flaubert; preface par Adolphe Gondry.
260 _aViena
_bManz
_c1920
300 _a458 p.
_c18 cm.
500 _aI28
505 0 _aBibliografía: p. XII-XIII
650 1 4 _aLiteratura Francesa.
_915428
902 _aGFM
942 _2lcc
_cB
999 _c5791
_d5791